[Event "It (open)"]
[Site "masterchessopen.com Bad Zwesten (Germany)"]
[Round "1"]
[White "Frank Wolfgang (GER)"]
[Black "Schmehl Juergen (GER)"]
[Result "1-0"]
[WhiteElo "2184"]
[BlackElo "1993"]

1.e4 c5 2.Nc3 Nc6 3.g3 g6 4.Bg2 Bg7 5.d3 d6 6.Be3 e6 7.Qd2 Nge7 8.Bh6 O-O 9.h4
f6 10.Bxg7 Kxg7 11.f4 h6 12.g4 f5 13.gxf5 gxf5 14.O-O-O Qa5 15.Nh3 Bd7 16.Bf3
Kh7 17.exf5 exf5 18.Rde1 Rad8 19.Ng5+ hxg5 20.hxg5+ Kg7 21.Rh7+ Kxh7 22.Qh2+
{#r} 1-0

[Event "Ch Europe (juniors) (under 16) (g)"]
[Site "masterchessopen.com Budva (Yugoslavia)"]
[Round "8"]
[White "Hegarty Sarah (ENG)"]
[Black "Padurariu Ioana-Smaranda (ROM)"]
[Result "0-1"]
[WhiteElo "1887"]
[BlackElo "2133"]

1.e4 c5 2.Nc3 Nc6 3.g3 g6 4.Bg2 Bg7 5.d3 d6 6.Be3 Nd4 7.Qd2 Qa5 8.Nf3 Bh3
9.Bxd4 cxd4 10.Nd5 Qxd2+ 11.Nxd2 Bxg2 12.Rg1 Bh3 13.Nc7+ Kd7 14.Nxa8 Nf6
15.Nb6+ axb6 16.a4 Rc8 17.Nc4 Rc6 18.e5 Ng4 19.exd6 exd6 20.f3 Ne5 21.Nxe5+
dxe5 22.O-O-O Bh6+ 23.Kb1 Be3 24.Rge1 Bg2 {#R} 0-1

[Event "It (open) \"]
[Site "masterchessopen.com Copenhagen (Denmark)"]
[Round "3"]
[White "Tuomisto Keijo (SWE)"]
[Black "Mikkelsen Nikolaj (DEN)"]
[Result "0-1"]
[WhiteElo "1922"]
[BlackElo "2180"]

1.e4 c5 2.Nc3 Nc6 3.g3 g6 4.Bg2 Bg7 5.d3 d6 6.Be3 e6 7.Nge2 Nd4 8.O-O Ne7
9.Rb1 Nec6 10.h3 Rb8 11.Qd2 O-O 12.Nd1 Nxe2+ 13.Qxe2 Qa5 14.Nc3 b5 15.Qd2 b4
16.Ne2 Qxa2 17.d4 Qc4 18.b3 Qb5 19.c4 bxc3 20.Nxc3 Qb4 21.Na2 Qxd2 22.Bxd2
Nxd4 23.b4 Ba6 24.Rfe1 Bc4 {#R} 0-1

[Event "Ch Greece (team)"]
[Site "masterchessopen.com Kallithea (Greece)"]
[Round "6"]
[White "Mourouti Paraskevi (GRE)"]
[Black "Paehtz Elisabeth (GER)"]
[Result "0-1"]
[WhiteElo "1827"]
[BlackElo "2398"]

1.e4 c5 2.Nc3 d6 3.g3 g6 4.Bg2 Bg7 5.d3 Nc6 6.Be3 Nd4 7.Qd2 Qa5 8.Nge2 Nxe2
9.Kxe2 h5 10.f3 e6 11.h4 Ne7 12.Nd1 Qa6 13.c3 Bd7 14.Nf2 Rc8 15.Rhd1 d5 16.Nh3
Ba4 17.Re1 d4 18.Bf2 c4 19.cxd4 cxd3+ 20.Ke3 Bxd4+ {#R} 0-1

[Event "Ch Europe (for the Blind)"]
[Site "masterchessopen.com Mondariz (Spain)"]
[Round "4"]
[White "Debowska Teresa (POL)"]
[Black "Zsiltzova-Lisenko Lubov (UKR)"]
[Result "0-1"]
[WhiteElo "2107"]
[BlackElo "2261"]

1.e4 c5 2.Nc3 Nc6 3.g3 g6 4.Bg2 Bg7 5.d3 d6 6.Be3 Nd4 7.Qd2 Nf6 8.h3 O-O 9.f4
e6 10.Nd1 e5 11.c3 Nc6 12.Nf3 Nh5 13.Bf2 Bh6 14.Ng5 exf4 15.gxf4 Nxf4 16.Qxf4
Qxg5 17.Qg3 Ne5 18.h4 Qf4 {#R} 0-1

[Event "It (open)"]
[Site "masterchessopen.com Plancoet (France)"]
[Round "7"]
[White "Le Du Michel (FRA)"]
[Black "Parmentier Xavier (FRA)"]
[Result "0-1"]
[WhiteElo "1969"]
[BlackElo "2319"]

1.e4 c5 2.Nc3 Nc6 3.g3 g6 4.Bg2 Bg7 5.d3 d6 6.Be3 e5 7.Qd2 Nge7 8.f4 Nd4 9.Nd1
O-O 10.c3 Ne6 11.Nf3 exf4 12.gxf4 f5 13.O-O Bd7 14.Ng5 Nxg5 15.fxg5 Bc6 16.Bf4
Kh8 17.Nf2 Qd7 18.Rae1 Rae8 19.Bh3 d5 20.e5 d4 21.Ne4 dxc3 22.bxc3 Nd5 23.Nxc5
Nxf4 24.Nxd7 Nxh3# 0-1

[Event "Ch Croatia (juniors) (under 17)"]
[Site "masterchessopen.com Rabac (Croatia)"]
[Round "9"]
[White "Bosiocic Marko (CRO)"]
[Black "Kuljasevic Davorin (CRO)"]
[Result "0-1"]
[WhiteElo "2124"]
[BlackElo "2410"]

1.e4 c5 2.Nc3 Nc6 3.g3 g6 4.Bg2 Bg7 5.d3 d6 6.Be3 Nd4 7.Qd2 Qa5 8.h3 e6 9.f4
Ne7 10.Nf3 O-O 11.O-O Nec6 12.Rf2 Bd7 13.Nd1 Qa6 14.c3 Nb3 15.axb3 Qxa1 16.Kh2
Qa2 17.Qc2 Rac8 18.Nh4 f5 19.exf5 gxf5 20.Bxc6 Bxc6 21.g4 Qa5 22.g5 Qc7 23.Ng2
e5 24.h4 e4 {#R} 0-1

[Event "It (open)"]
[Site "masterchessopen.com Szombathely (Hungary)"]
[Round "2"]
[White "Parkanyi Attila (HUN)"]
[Black "Pg Mohd Omar Ak Hirawan (BRU)"]
[Result "1-0"]
[WhiteElo "2406"]
[BlackElo "2217"]

1.e4 c5 2.Nc3 Nc6 3.g3 g6 4.Bg2 Bg7 5.d3 d6 6.Be3 e5 7.Qd2 Nge7 8.Bh6 O-O 9.h4
Nd4 10.O-O-O f6 11.Bxg7 Kxg7 12.f4 Bg4 13.Rf1 b5 14.Bh3 Qd7 15.h5 b4 16.Bxg4
Qxg4 17.Nd1 Qxg3 18.c3 bxc3 19.bxc3 Ndc6 20.Ne2 Qg4 21.f5 Qg5 22.Ne3 {#r} 1-0

[Event "Ch Vjetnam (juniors) (under 20)"]
[Site "masterchessopen.com Vjetnam"]
[Round "4"]
[White "Hoang Canh Huan (VIE)"]
[Black "Nguyen Minh Tuan (VIE)"]
[Result "1-0"]
[WhiteElo "2145"]
[BlackElo "2109"]

1.e4 c5 2.Nc3 Nc6 3.g3 g6 4.Bg2 Bg7 5.d3 d6 6.Be3 Rb8 7.Nge2 e6 8.O-O Nge7
9.d4 b6 10.a4 O-O 11.f4 e5 12.fxe5 cxd4 13.Nxd4 Nxe5 14.Ndb5 Nc4 15.Bf4 Ba6
16.Rb1 Nc8 17.Nd5 Nxb2 18.Rxb2 Bxb2 19.c3 Bxb5 20.axb5 Ba3 21.Bh6 Bc5+ 22.Kh1
f6 23.Bxf8 Kxf8 24.Nxf6 Kg7 {#r} 1-0

[Event "It (open)"]
[Site "masterchessopen.com Schwabisch Gmund (Germany)"]
[Date "2003.01.02"]
[Round "1"]
[White "Horstmann Sven (GER)"]
[Black "Rau Hannes (GER)"]
[Result "0-1"]
[WhiteElo "2087"]
[BlackElo "2384"]

1.e4 c5 2.Nc3 g6 3.g3 Bg7 4.Bg2 Nc6 5.d3 d6 6.Be3 Nf6 7.h3 O-O 8.Qd2 Nd4
9.Nge2 e5 10.f4 Nh5 11.O-O-O Qa5 12.Kb1 Be6 13.a3 b5 14.g4 Nxf4 15.Nxf4 exf4
16.Bxf4 b4 17.Nd5 Bxd5 18.exd5 Qa6 19.axb4 cxb4 20.Qxb4 Rab8 21.Qxd6 Rxb2+
22.Kxb2 Nb5+ {#R} 0-1

[Event "Cup Doeberl"]
[Site "masterchessopen.com Canberra (Australia)"]
[Date "2003.04.18"]
[Round "2"]
[White "Xie Ken (AUS)"]
[Black "Bekker Gary (AUS)"]
[Result "1-0"]
[WhiteElo "2114"]
[BlackElo "1895"]

1.e4 c5 2.Nc3 Nc6 3.g3 g6 4.Bg2 Bg7 5.d3 d6 6.Be3 Rb8 7.Qd2 b5 8.f4 e6 9.e5
Nge7 10.exd6 Qxd6 11.Ne4 Qc7 12.Bxc5 Qa5 13.Nd6+ Kd7 14.Qxa5 Nxa5 15.O-O-O Bb7
16.Nxb7 Nxb7 17.Bxa7 Ra8 18.Bf2 {#r} 1-0

[Event "Ch Greece (juniors) (under 20)"]
[Site "masterchessopen.com Chania (Greece)"]
[Date "2003.04.23"]
[Round "7"]
[White "Koukoufikis Alexandros (GRE)"]
[Black "Tsanas Athanasios (GRE)"]
[Result "0-1"]
[WhiteElo "2220"]
[BlackElo "2283"]

1.g3 g6 2.Bg2 Bg7 3.e4 c5 4.d3 Nc6 5.Nc3 d6 6.Be3 Rb8 7.Qd2 b5 8.f4 b4 9.Nd1
Qb6 10.Nf3 f5 11.h3 Nf6 12.Nh4 O-O 13.O-O Bd7 14.Qf2 Qc7 15.e5 dxe5 16.fxe5
Nxe5 17.Bxc5 Nfg4 18.hxg4 Nxg4 19.Qe2 Qxc5+ 20.Kh1 Qd6 21.Nf3 Rbe8 22.Qe1 e5
23.Ne3 e4 24.Nxg4 exf3 {#R} 0-1

[Event "It (open)"]
[Site "masterchessopen.com Balatonlelle (Hungary)"]
[Date "2003.06.21"]
[Round "1"]
[White "Pesztericz Laszlo (HUN)"]
[Black "Horvath Peter_ (HUN)"]
[Result "0-1"]
[WhiteElo "2295"]
[BlackElo "2477"]

1.e4 c5 2.Nc3 Nc6 3.g3 g6 4.Bg2 Bg7 5.d3 d6 6.Be3 e5 7.Qd2 Nge7 8.Bh6 Bxh6
9.Qxh6 Nd4 10.O-O-O b5 11.Nh3 b4 12.Nd5 Nxd5 13.exd5 Bg4 14.Rd2 Qa5 15.Kb1 Rb8
16.Re1 Rb6 17.Qg7 b3 18.Qxh8+ Kd7 19.cxb3 Qxd2 {#R} 0-1

[Event "Ch Spain (juniors) (under 16)"]
[Site "masterchessopen.com Mondariz (Spain)"]
[Date "2003.07.16"]
[Round "4"]
[White "Pallardo Lozoya Jose Vicente (ESP)"]
[Black "Villuendas Valero Adrian (ESP)"]
[Result "1-0"]
[WhiteElo "2257"]
[BlackElo "2101"]

1.e4 c5 2.Nc3 d6 3.g3 g6 4.Bg2 Bg7 5.d3 Nc6 6.Be3 Rb8 7.Qd2 b5 8.f4 b4 9.Nd1
Qb6 10.Nf3 f5 11.O-O Nf6 12.Nf2 Ng4 13.Nxg4 fxg4 14.Nh4 Bxb2 15.Rad1 Bc3
16.Qf2 O-O 17.f5 Ne5 18.Qf4 Bd4 19.Bxd4 cxd4 20.Qg5 Kg7 21.fxg6 hxg6 22.Qxe7+
Rf7 23.Rxf7+ Nxf7 24.Rf1 {#r} 1-0

[Event "Ch Europe (for the Blind)"]
[Site "masterchessopen.com Mondariz (Spain)"]
[Round "4"]
[White "Debowska Teresa (POL)"]
[Black "Zsiltzova-Lisenko Lubov (UKR)"]
[Result "0-1"]
[WhiteElo "2107"]
[BlackElo "2261"]

1.e4 c5 2.Nc3 Nc6 3.g3 g6 4.Bg2 Bg7 5.d3 d6 6.Be3 Nd4 7.Qd2 Nf6 8.h3 O-O 9.f4
e6 10.Nd1 e5 11.c3 Nc6 12.Nf3 Nh5 13.Bf2 Bh6 14.Ng5 exf4 15.gxf4 Nxf4 16.Qxf4
Bxg5 17.Qg3 Ne5 18.h4 Bf4 {#R} 0-1

[Event "Ch Poland (team) (2nd liga)"]
[Site "masterchessopen.com Poland"]
[Date "2003.09.08"]
[Round "4"]
[White "Bugalski Michal (POL)"]
[Black "Stachowiak Kamil (POL)"]
[Result "0-1"]
[WhiteElo "2186"]
[BlackElo "2295"]

1.e4 c5 2.Nc3 Nc6 3.g3 g6 4.Bg2 Bg7 5.d3 d6 6.Be3 Rb8 7.Qd2 b5 8.Nge2 Nd4 9.f4
Bg4 10.Ng1 e5 11.Nd5 Ne7 12.Nxe7 Qxe7 13.c3 Nc6 14.h3 Bd7 15.f5 gxf5 16.exf5
Rc8 17.g4 h5 18.Qf2 e4 19.Bxe4 hxg4 20.O-O-O b4 21.c4 Ne5 22.Qe2 Nxc4 {#R} 0-1

[Event "Ch Provinciale BG"]
[Site "masterchessopen.com Bergamo (Italy)"]
[Date "2003.10.10"]
[Round "1"]
[White "Mora Paolo (ITA)"]
[Black "Citerio Fabio"]
[Result "1-0"]
[WhiteElo "2234"]
[BlackElo "1599"]

1.e4 c5 2.Nc3 Nc6 3.g3 g6 4.d3 Bg7 5.Be3 d6 6.Bg2 Nf6 7.h3 Nd4 8.Nge2 e5 9.O-O
O-O 10.Kh2 Ne6 11.f4 exf4 12.gxf4 Nh5 13.Bf3 Nexf4 14.Nxf4 Be5 15.Bg4 Qg5
16.Nd5 Kh8 17.Kh1 Nxf4 18.Bxf4 Bxf4 19.Rxf4 f5 20.exf5 Be6 21.fxe6 {#r} 1-0

[Event "Ch France (team) (2) 2003/04"]
[Site "masterchessopen.com France"]
[Date "2003.10.12"]
[Round "1"]
[White "Negraru Mirela (FRA)"]
[Black "Bertrand Helene (FRA)"]
[Result "1-0"]
[WhiteElo "1963"]
[BlackElo "1867"]

1.e4 c5 2.Nc3 Nc6 3.g3 g6 4.Bg2 Bg7 5.d3 d6 6.Be3 e6 7.Qd2 Rb8 8.Nge2 Nge7
9.Bh6 O-O 10.h4 Re8 11.Bxg7 Kxg7 12.h5 gxh5 13.Rxh5 Rh8 14.Qh6+ Kg8 15.O-O-O
Qf8 16.Qg5+ Ng6 17.f4 Qg7 18.f5 exf5 19.exf5 Nge5 20.Qh4 h6 21.Nd5 Kf8 22.Rh1
Qg4 23.Qf6 {#r} 1-0

[Event "Ch Turkey (w)"]
[Site "masterchessopen.com Kusadasi (Turkey)"]
[Date "2004.03.01"]
[Round "3"]
[White "Yildiz Betul (TUR)"]
[Black "Acarbay Algi (TUR)"]
[Result "1-0"]
[WhiteElo "2021"]
[BlackElo "1869"]

1.e4 c5 2.Nc3 Nc6 3.g3 g6 4.Bg2 Bg7 5.d3 d6 6.Be3 e6 7.Qd2 Bd7 8.Nge2 Rb8 9.d4
cxd4 10.Nxd4 Ne5 11.Qe2 Ne7 12.O-O h5 13.Ndb5 Bxb5 14.Qxb5+ Qd7 15.Bxa7 Rc8
16.Rfd1 Nc4 17.Bd4 Bxd4 18.Rxd4 Rc5 19.Qxd7+ Kxd7 20.Na4 {#r} 1-0

[Event "Ch Russia (juniors) (under 18)"]
[Site "masterchessopen.com Dagomys (Russia)"]
[Round "3"]
[White "Osipov Denis (RUS)"]
[Black "Poniaev Ruslan (RUS)"]
[Result "0-1"]
[WhiteElo "2096"]
[BlackElo "2288"]

1.e4 c5 2.Nc3 Nc6 3.g3 g6 4.Bg2 Bg7 5.d3 d6 6.Be3 e6 7.Qd2 Rb8 8.Nge2 Nd4
9.Nd1 b5 10.O-O Ne7 11.Nf4 b4 12.c3 bxc3 13.bxc3 Ndc6 14.h4 Ba6 15.Re1 Qa5
16.Ne2 Ne5 17.Nc1 O-O 18.Nb3 Rxb3 {#R} 0-1

[Event "Ch Asturias"]
[Site "masterchessopen.com Asturias (Spain)"]
[Date "2004.04.03"]
[Round "9"]
[White "Fernandez Palacio Eduardo (ESP)"]
[Black "Garcia Iglesias Pablo (ESP)"]
[Result "1-0"]
[WhiteElo "2031"]
[BlackElo "1940"]

1.e4 c5 2.Nc3 Nc6 3.g3 g6 4.Bg2 Bg7 5.d3 d6 6.Be3 e6 7.f4 Nge7 8.Nf3 Rb8 9.O-O
b5 10.e5 Nf5 11.Bf2 Nfd4 12.Ne4 dxe5 13.fxe5 Nxe5 14.Nxe5 Bxe5 15.c3 Nf5
16.Bxc5 Qc7 17.Qe2 Nd6 18.d4 O-O 19.dxe5 {#r} 1-0

[Event "It (open)"]
[Site "masterchessopen.com Deizisau (Germany)"]
[Date "2004.04.11"]
[Round "7"]
[White "Drabke Lorenz (GER)"]
[Black "Kulaots Kaido (EST)"]
[Result "0-1"]
[WhiteElo "2433"]
[BlackElo "2597"]

1.e4 c5 2.Nc3 d6 3.g3 Nc6 4.d3 g6 5.Bg2 Bg7 6.Be3 Rb8 7.Qd2 b5 8.Nge2 b4 9.Nd1
Nd4 10.Nc1 Bg4 11.f4 Nf3+ 12.Bxf3 Bxf3 13.O-O Bxd1 14.Qxd1 Bxb2 15.Rb1 Bg7
16.d4 Nf6 17.dxc5 Nxe4 18.Bd4 e5 19.Qe2 f5 20.Ba1 O-O 21.cxd6 Qb6+ 22.Kg2 Qc6
{#R} 0-1

[Event "It (open) (juniors)"]
[Site "masterchessopen.com Dubai (United Arab Emirates)"]
[Date "2004.07.13"]
[Round "2"]
[White "Agayev Nidjat (AZE)"]
[Black "Yeap Eng Cheam (MAS)"]
[Result "1-0"]
[WhiteElo "2203"]
[BlackElo "2150"]

1.e4 c5 2.Nc3 Nc6 3.g3 d6 4.Bg2 g6 5.d3 Bg7 6.Be3 Nf6 7.h3 a6 8.Qd2 Qb6 9.Rb1
Qc7 10.Nge2 Ne5 11.f4 Nc6 12.O-O e6 13.f5 exf5 14.Bh6 O-O 15.Bxg7 Kxg7 16.exf5
Ne7 17.g4 Bd7 18.g5 Nfg8 19.f6+ Kh8 20.fxe7 Nxe7 21.Nf4 Bc6 22.Ncd5 Nxd5
23.Nxd5 Bxd5 24.Bxd5 {#r} 1-0

[Event "Ch Croatia (juniors) (under 17)"]
[Site "masterchessopen.com Rabac (Croatia)"]
[Date "2004.07.19"]
[Round "2"]
[White "Bosiocic Marko (CRO)"]
[Black "Bosiocic Marin (CRO)"]
[Result "0-1"]
[WhiteElo "2124"]
[BlackElo "2313"]

1.e4 c5 2.Nc3 Nc6 3.g3 g6 4.Bg2 Bg7 5.d3 d6 6.Be3 e6 7.Qd2 Rb8 8.Nd1 e5 9.Nf3
Nd4 10.O-O Ne7 11.c3 Nxf3+ 12.Bxf3 O-O 13.Kg2 f5 14.Bh6 {#R} 0-1

[Event "Ch Europe (juniors) (under 12)"]
[Site "masterchessopen.com Urgup (Turkey)"]
[Date "2004.07.29"]
[Round "1"]
[White "Heimann Andreas (GER)"]
[Black "Shimanov Aleksandr (RUS)"]
[Result "0-1"]
[WhiteElo "2485"]
[BlackElo "2234"]

1.e4 c5 2.Nc3 Nc6 3.g3 g6 4.Bg2 Bg7 5.d3 d6 6.Be3 e6 7.Nge2 Nd4 8.f4 Ne7 9.O-O
O-O 10.Qd2 Nec6 11.Nd1 f5 12.c3 Nxe2+ 13.Qxe2 Qe7 14.Nf2 Bd7 15.Rad1 Rac8
16.Nh3 b5 17.Qf2 Rcd8 18.Rfe1 Rf7 19.exf5 gxf5 20.d4 cxd4 21.Bxd4 a5 22.Bxg7
Kxg7 {#R} 0-1

[Event "Ch Europe (juniors) (under 12) (g)"]
[Site "masterchessopen.com Urgup (Turkey)"]
[Date "2004.08.04"]
[Round "6"]
[White "Korchagina Viktoria (RUS)"]
[Black "Repina Varvara (RUS)"]
[Result "0-1"]
[WhiteElo "1992"]
[BlackElo "2064"]

1.e4 c5 2.Nc3 Nc6 3.g3 g6 4.Bg2 Bg7 5.d3 d6 6.Be3 Nf6 7.f4 Ng4 8.Qd2 Nxe3
9.Qxe3 Nd4 10.O-O-O O-O 11.Nce2 Qa5 12.Kb1 Be6 13.c4 Rab8 14.e5 dxe5 15.fxe5
b5 16.Bd5 bxc4 17.Bxc4 Bxc4 18.dxc4 Qc7 19.Nxd4 cxd4 20.Rxd4 Qb7 {#R} 0-1

[Event "It (open)"]
[Site "masterchessopen.com Bad Wiessee (Germany)"]
[Date "2004.10.30"]
[Round "1"]
[White "Piochacz Petra (GER)"]
[Black "Miroshnichenko Evgenij (UKR)"]
[Result "0-1"]
[WhiteElo "2055"]
[BlackElo "2617"]

1.e4 c5 2.Nc3 Nc6 3.g3 g6 4.Bg2 Bg7 5.d3 d6 6.Be3 Rb8 7.Rb1 b5 8.f4 b4 9.Na4
Bd7 10.c3 bxc3 11.bxc3 Rxb1 12.Qxb1 Qa5 13.Qb3 Nd8 14.Nxc5 Bxc3+ 15.Kf2 dxc5
16.Ne2 Bd2 17.Qb2 Bxe3+ 18.Kxe3 Nf6 19.h3 Bc6 20.Rb1 O-O {#R} 0-1

[Event "Tournament (regional)"]
[Site "masterchessopen.com Valencia (Spain)"]
[Round "2"]
[White "Sanchez Barbado Carlos (ESP)"]
[Black "Pastor Abia Luis (ESP)"]
[Result "1-0"]
[WhiteElo "2082"]
[BlackElo "1991"]

1.e4 c5 2.Nc3 g6 3.g3 Bg7 4.Bg2 Nc6 5.d3 d6 6.Be3 e6 7.Qd2 Nd4 8.Nf3 Rb8 9.O-O
Ne7 10.Ne1 O-O 11.Bh6 Qa5 12.Nd5 Qd8 13.Nxe7+ Qxe7 14.c3 Nc6 15.Bxg7 Kxg7
16.Nc2 Qc7 17.Ne3 b5 18.Ng4 f5 19.exf5 exf5 20.Qh6+ {#r} 1-0

[Event "Olympiad (for the Blind)"]
[Site "masterchessopen.com La Pineda (Spain)"]
[Date "2004.11.04"]
[Round "2"]
[White "Vykydal Frantisek (CZE)"]
[Black "Pohlers Juergen (GER)"]
[Result "1-0"]
[WhiteElo "2252"]
[BlackElo "2148"]

1.e4 c5 2.Nc3 Nc6 3.g3 g6 4.Bg2 Bg7 5.d3 d6 6.Be3 f5 7.Qd2 Be6 8.Nge2 Nd4
9.O-O Bf6 10.f3 h6 11.h3 Qd7 12.Kh2 g5 {#r} 1-0

[Event "It (open) (b)"]
[Site "masterchessopen.com Zurich (Switzerland)"]
[Round "4"]
[White "Fuchs Arnold"]
[Black "Naepflin Reinhold (SUI)"]
[Result "1-0"]
[WhiteElo "1969"]
[BlackElo "1820"]

1.e4 c5 2.Nc3 d6 3.g3 Nc6 4.Bg2 g6 5.d3 Bg7 6.Be3 e6 7.Qd2 Nge7 8.Bh6 O-O 9.h4
Rb8 10.h5 b5 11.hxg6 b4 12.Bxg7 bxc3 13.Qh6 fxg6 14.Bxf8 {#r} 1-0

[Event "It (open)"]
[Site "masterchessopen.com Santiago (Chile)"]
[Date "2005.02.16"]
[Round "3"]
[White "Carvajal Nicolas (CHI)"]
[Black "Rios Escobar Adan (CHI)"]
[Result "0-1"]
[WhiteElo "2013"]
[BlackElo "2259"]

1.e4 c5 2.Nc3 Nc6 3.g3 g6 4.Bg2 Bg7 5.d3 d6 6.Be3 e6 7.Qd2 Nge7 8.Bh6 Bxh6
9.Qxh6 Nd4 10.O-O-O Qa5 11.Nf3 Nxf3 12.Bxf3 Nc6 13.Qg7 Rf8 14.Qxh7 Nd4 15.Bg2
b5 16.a3 b4 17.axb4 cxb4 18.Nb1 Qc5 19.Kd2 Qxc2+ 20.Ke3 Qe2+ 21.Kxd4 Qxf2+
22.Kc4 Qc2+ 23.Kd4 Qc5# 0-1

[Event "It (open)"]
[Site "masterchessopen.com Thorigny (France)"]
[Round "0"]
[White "Amarger Vincent (FRA)"]
[Black "Miezis Normunds (LAT)"]
[Result "0-1"]
[WhiteElo "2089"]
[BlackElo "2470"]

1.e4 c5 2.Nc3 Nc6 3.g3 g6 4.Bg2 Bg7 5.d3 d6 6.Be3 h5 7.Nge2 h4 8.O-O Nd4 9.Qd2
hxg3 10.hxg3 Bh3 11.f3 Qd7 12.Nf4 Bxg2 13.Qxg2 g5 {#R} 0-1

[Event "Ch Ukraine (w)"]
[Site "masterchessopen.com Alushta (Ukraine)"]
[Date "2005.05.19"]
[Round "4"]
[White "Aksionova Tatiana (UKR)"]
[Black "Zdebskaja Natalia (UKR)"]
[Result "0-1"]
[WhiteElo "2237"]
[BlackElo "2390"]

1.e4 c5 2.Nc3 Nc6 3.d3 g6 4.g3 Bg7 5.Bg2 d6 6.Be3 e5 7.Nge2 Nge7 8.O-O O-O
9.Qd2 Nd4 10.f4 Rb8 11.fxe5 dxe5 12.Nd5 Qd6 13.Nxe7+ Qxe7 14.Nc3 b6 15.Nd5 Qd6
16.Rf2 f5 17.Raf1 Be6 18.Bh6 Bxh6 19.Qxh6 Bxd5 20.exd5 f4 21.gxf4 Rxf4 22.c3
Nf5 23.Qh3 Rh4 24.Qf3 e4 {#R} 0-1

[Event "Cup Federation (1/2 final)"]
[Site "masterchessopen.com Tula (Russia)"]
[Date "2005.05.23"]
[Round "6"]
[White "Khanov Vjacheslav (RUS)"]
[Black "Kainov Aleksey (RUS)"]
[Result "0-1"]
[WhiteElo "2237"]
[BlackElo "2272"]

1.e4 c5 2.Nc3 Nc6 3.g3 g6 4.Bg2 Bg7 5.d3 d6 6.Be3 e5 7.Qd2 Nge7 8.Nge2 Nd4
9.h3 Rb8 10.g4 h5 11.gxh5 Rxh5 12.O-O-O b5 13.Ng3 Rh8 14.Nd5 Nxd5 15.exd5 b4
16.Kb1 Nb5 17.Ne4 f5 18.c4 bxc3 19.Nxc3 f4 20.Nxb5 Rxb5 21.Bxf4 exf4 22.Rhe1+
Kd7 23.Qxf4 Rxb2+ 24.Kc1 Bh6 {#R} 0-1

[Event "It (open) (b)"]
[Site "masterchessopen.com Chojnice (Poland)"]
[Round "9"]
[White "Staroszczyk Mateusz (POL)"]
[Black "Sciwarski Mariusz (POL)"]
[Result "1-0"]
[WhiteElo "1990"]
[BlackElo "1936"]

1.e4 c5 2.Nc3 d6 3.g3 g6 4.Bg2 Bg7 5.d3 Nc6 6.Be3 e6 7.Qd2 h6 8.f4 Nge7 9.Nf3
Nd4 10.Nd1 b6 11.O-O Bb7 12.Nh4 Qd7 13.c3 Ndc6 14.f5 gxf5 15.exf5 exf5 16.Bh3
Ne5 17.d4 Ng4 18.Nxf5 Nxf5 19.Bxg4 cxd4 20.cxd4 Qc6 21.d5 Qc4 22.Bxf5 Bxd5
23.Nc3 {#r} 1-0

[Event "It (open)"]
[Site "masterchessopen.com Karvina (Czech Republic)"]
[Round "9"]
[White "Walowy Bohumir (CZE)"]
[Black "Konstacky Matej (CZE)"]
[Result "1-0"]
[WhiteElo "2114"]
[BlackElo "2004"]

1.e4 c5 2.Nc3 g6 3.g3 Bg7 4.Bg2 Nc6 5.d3 d6 6.Be3 a6 7.Qd2 Bd7 8.Nge2 Nf6 9.h3
O-O 10.O-O Qc8 11.Kh2 b5 12.f4 h5 13.f5 Ne5 14.Nf4 gxf5 15.Ncd5 Nxd5 16.Nxd5
Qd8 17.exf5 e6 18.f6 exd5 19.fxg7 Re8 20.Bg5 Qc8 21.Bf6 Ng6 22.Qh6 Re6 23.Qh8+
Nxh8 24.gxh8=Q# 1-0

[Event "Ch Greece (team)"]
[Site "masterchessopen.com Greece"]
[Date "2005.07.08"]
[Round "5"]
[White "Nikolopoulos Georgios (GRE)"]
[Black "Sargologos Rovertos (GRE)"]
[Result "1-0"]
[WhiteElo "2059"]
[BlackElo "1948"]

1.e4 c5 2.Nc3 Nc6 3.g3 g6 4.Bg2 Bg7 5.d3 d6 6.Be3 e6 7.Qd2 Nge7 8.Bh6 Bxh6
9.Qxh6 Nd4 10.Qd2 Qa5 11.Nge2 Nec6 12.f4 Bd7 13.O-O O-O 14.g4 f5 15.gxf5 exf5
16.Ng3 Kh8 17.Qf2 Rae8 18.Nd5 b5 19.c3 Ne6 20.b4 cxb4 21.cxb4 Nxb4 22.Qb2+
{#r} 1-0

[Event "It (open)"]
[Site "masterchessopen.com Tibor (Czech Republic)"]
[Date "2005.08.04"]
[Round "7"]
[White "Jandecka Tomas (CZE)"]
[Black "Ruzicka Ales (CZE)"]
[Result "1-0"]
[WhiteElo "2173"]
[BlackElo "1867"]

1.e4 c5 2.Nc3 Nc6 3.g3 g6 4.Bg2 Bg7 5.d3 d6 6.Be3 e6 7.Qd2 Nge7 8.Bh6 O-O 9.h4
f5 10.h5 Rf7 11.hxg6 Nxg6 12.exf5 exf5 13.Bd5 Qe7+ 14.Qe3 Qxe3+ 15.Bxe3 Nb4
16.Bxf7+ Kxf7 17.O-O-O Be6 18.Rxh7 Rg8 19.Rh5 a6 20.Re1 Ne5 21.Kb1 {#r} 1-0

[Event "It (open)"]
[Site "masterchessopen.com Aviles (Spain)"]
[Date "2005.08.09"]
[Round "4"]
[White "Aido Espina Sergio (ESP)"]
[Black "Fernandez-Velasco Climent Andre (ESP)"]
[Result "1-0"]
[WhiteElo "1707"]
[BlackElo "1930"]

1.e4 c5 2.Nc3 Nc6 3.g3 d6 4.Bg2 g6 5.d3 Bg7 6.Be3 Nf6 7.h3 O-O 8.Qd2 Ne8 9.Bh6
f5 10.Bxg7 Kxg7 11.Nge2 e5 12.O-O-O Be6 13.f4 Nd4 14.exf5 Bxf5 15.g4 Bd7
16.Rdf1 Bc6 17.Bxc6 bxc6 18.Ne4 Qb6 19.fxe5 Rxf1+ 20.Rxf1 dxe5 21.Nxd4 cxd4
22.Qf2 Qb4 23.Qf7+ Kh8 24.a3 {#r} 1-0

[Event "Ch Croatia (juniors) (under 17-19)"]
[Site "masterchessopen.com Bjelolasica (Croatia)"]
[Date "2005.08.15"]
[Round "2"]
[White "Djeno Snjezana (CRO)"]
[Black "Hlavac Iva (CRO)"]
[Result "0-1"]
[WhiteElo "1989"]
[BlackElo "1914"]

1.e4 c5 2.Nc3 Nc6 3.g3 g6 4.Bg2 Bg7 5.d3 d6 6.Be3 e6 7.Qd2 Rb8 8.f4 Nge7 9.Nf3
Nd4 10.O-O O-O 11.Nd1 b5 12.c3 Nxf3+ 13.Bxf3 Bb7 14.g4 f5 15.h3 Qc7 16.Bg2 a5
17.Nf2 Rbd8 18.Rac1 d5 19.Qc2 e5 20.Qe2 exf4 21.Bd2 fxe4 22.dxe4 f3 {#R} 0-1